<?xml version="1.0" encoding="UTF-8"?>
<record
    xmlns:xsi="http://www.w3.org/2001/XMLSchema-instance"
    xsi:schemaLocation="http://www.loc.gov/MARC21/slim http://www.loc.gov/standards/marcxml/schema/MARC21slim.xsd"
    xmlns="http://www.loc.gov/MARC21/slim">

  <leader>01818nam a22003137i 4500</leader>
  <controlfield tag="001">768714001</controlfield>
  <controlfield tag="003">CO-MdFUSB</controlfield>
  <controlfield tag="005">20260224220238.0</controlfield>
  <controlfield tag="007">cr aa aaaaa</controlfield>
  <controlfield tag="008">180403s2022   ck ||||| |||| 00| 0 spa dd</controlfield>
  <datafield tag="040" ind1=" " ind2=" ">
    <subfield code="a">CO-MdFUSB</subfield>
    <subfield code="b">Espa&#xF1;ol</subfield>
    <subfield code="c">CO-MdFUSB</subfield>
    <subfield code="d">CO-MdFUSB</subfield>
  </datafield>
  <datafield tag="041" ind1=" " ind2=" ">
    <subfield code="a">spa</subfield>
  </datafield>
  <datafield tag="043" ind1=" " ind2=" ">
    <subfield code="a">ck</subfield>
  </datafield>
  <datafield tag="100" ind1=" " ind2=" ">
    <subfield code="a">Bayley Mart&#xED;nez, Mario E.,</subfield>
    <subfield code="e">autor</subfield>
  </datafield>
  <datafield tag="245" ind1=" " ind2=" ">
    <subfield code="a">Un acercamiento exeg&#xE9;tico y pastoral al sufrimiento que padecen los cristianos, a partir de la par&#xE9;nesis de 1 Pedro 3:8-22</subfield>
    <subfield code="c">/ Mario E. Bayley Martinez , asesorado por Fernando A. Mosquera Brand</subfield>
    <subfield code="h">[electr&#xF3;nico]</subfield>
  </datafield>
  <datafield tag="264" ind1=" " ind2="1">
    <subfield code="a">Medell&#xED;n, Colombia :</subfield>
    <subfield code="b">FUSBC,</subfield>
    <subfield code="c">2023</subfield>
  </datafield>
  <datafield tag="300" ind1=" " ind2=" ">
    <subfield code="a">Recurso electr&#xF3;nico</subfield>
  </datafield>
  <datafield tag="336" ind1=" " ind2=" ">
    <subfield code="2">rdacontent</subfield>
    <subfield code="a">texto</subfield>
    <subfield code="b">txt</subfield>
  </datafield>
  <datafield tag="337" ind1=" " ind2=" ">
    <subfield code="2">rdamedia</subfield>
    <subfield code="a">inform&#xE1;tico</subfield>
    <subfield code="b">c</subfield>
  </datafield>
  <datafield tag="338" ind1=" " ind2=" ">
    <subfield code="2">rdacarrier</subfield>
    <subfield code="a">remoto</subfield>
    <subfield code="b">cr</subfield>
  </datafield>
  <datafield tag="502" ind1=" " ind2=" ">
    <subfield code="a">Trabajo de grado</subfield>
    <subfield code="b">(Teolog&#xED;a) --</subfield>
    <subfield code="c">Fundaci&#xF3;n Universitaria Seminario B&#xED;blico de Colombia,</subfield>
    <subfield code="d">2023</subfield>
  </datafield>
  <datafield tag="504" ind1=" " ind2=" ">
    <subfield code="a">Bibliograf&#xED;a (p&#xE1;gina 32)</subfield>
  </datafield>
  <datafield tag="520" ind1=" " ind2=" ">
    <subfield code="a">Este trabajo de investigaci&#xF3;n est&#xE1; dirigida a todas las congregaciones que quieran adquirir m&#xE1;s conocimiento de c&#xF3;mo las exhortaciones de 1 Pedro 3:8-22, dan respuestas a las personas que sufren por causa de su fe, pero c&#xF3;mo esas mismas exhortaciones pueden aplicarse a un sufrimiento universal. La conclusi&#xF3;n de este trabajo de investigaci&#xF3;n es ayudar al creyente a tener un mejor entendimiento del sufrimiento. Por otro lado, que en medio de ese mal, su fe en Cristo no debe menguar, finalmente, llevarlo a entender qu&#xE9; Cristo es el modelo del sufriente, porqu&#xE9; el mismo padeci&#xF3; en su carne. 
</subfield>
  </datafield>
  <datafield tag="630" ind1="0" ind2="7">
    <subfield code="a">Biblia.</subfield>
    <subfield code="p">Pedro, 1&#xAA;</subfield>
    <subfield code="x">Cr&#xED;tica, interpretaci&#xF3;n, etc.</subfield>
  </datafield>
  <datafield tag="650" ind1=" " ind2="7">
    <subfield code="a">Sufrimiento</subfield>
    <subfield code="9">281</subfield>
  </datafield>
  <datafield tag="700" ind1=" " ind2=" ">
    <subfield code="a">Mosquera Brand, Fernando Abilio,</subfield>
    <subfield code="e">asesor</subfield>
    <subfield code="9">850</subfield>
  </datafield>
  <datafield tag="856" ind1=" " ind2=" ">
    <subfield code="u">https://repositorio.repci.co/handle/123456789/652</subfield>
  </datafield>
  <datafield tag="942" ind1=" " ind2=" ">
    <subfield code="c">TG</subfield>
  </datafield>
  <datafield tag="952" ind1=" " ind2=" ">
    <subfield code="0">0</subfield>
    <subfield code="1">0</subfield>
    <subfield code="2">ddc</subfield>
    <subfield code="4">0</subfield>
    <subfield code="7">0</subfield>
    <subfield code="8">TG</subfield>
    <subfield code="a">FUSBC</subfield>
    <subfield code="b">FUSBC</subfield>
    <subfield code="c">RE</subfield>
    <subfield code="d">2024-01-27</subfield>
    <subfield code="l">0</subfield>
    <subfield code="o">REPCI</subfield>
    <subfield code="r">2024-01-27 00:00:00</subfield>
    <subfield code="u">https://repositorio.repci.co/handle/123456789/652</subfield>
    <subfield code="w">2024-01-27</subfield>
    <subfield code="y">TG</subfield>
    <subfield code="A"></subfield>
    <subfield code="B"></subfield>
  </datafield>
  <datafield tag="999" ind1=" " ind2=" ">
    <subfield code="c">69273</subfield>
    <subfield code="d">69273</subfield>
  </datafield>
</record>
